000 00570nam a22002057a 4500
005 20241210135514.0
008 241210b ||||| |||| 00| 0 eng d
040 _cAL
041 _aEnglish
082 _223
_a349.42
_bHAIH
100 _aHailsham
_9189523
245 _aHalsburys Laws of England: Vol 7(1)
260 _aLondon
_bButterWorths and Co Ltd
_c1988
300 _a844 p.
_bHB
365 _a1061
_b₹4962.80
_c
_d₹6845.24
_e27%
_f28-11-2024
440 _aVolume 7(1)
_9189524
650 _aLaw
_9189525
650 _aCompanies
_9189526
942 _2ddc
_cBI
999 _c232516
_d232516